Littérature et révolution / (Record no. 105488)

MARC details
000 -LEADER
campo de control de longitud fija 00929nam a2200277 i 4500
001 - NÚMERO DE CONTROL
campo de control 105488
003 - IDENTIFICADOR DE NÚMERO DE CONTROL
campo de control ES-MaACL
007 - CAMPO FIJO DE DESCRIPCIÓN FÍSICA--INFORMACIÓN GENERAL
campo de control de longitud fija t|
008 - DATOS DE LONGITUD FIJA--INFORMACIÓN GENERAL
campo de control de longitud fija 060719s1964 fr ||||1| fre d
080 ## - NÚMERO DE LA CLASIFICACIÓN DECIMAL UNIVERSAL
Número de la Clasificación Decimal Universal 316.7:82
080 ## - NÚMERO DE LA CLASIFICACIÓN DECIMAL UNIVERSAL
Número de la Clasificación Decimal Universal 882.09"19"
100 1# - ENTRADA PRINCIPAL--NOMBRE DE PERSONA
Nombre de persona Trotsky, Leon,
Fechas asociadas al nombre 1879-1940
9 (RLIN) 240350
245 10 - MENCIÓN DEL TÍTULO
Título Littérature et révolution /
Mención de responsabilidad, etc. Léon Trotsky ; traduit du russe par Pierre Frank et Claude Ligny ; préface de Maurice Nadeau.
260 ## - PUBLICACIÓN, DISTRIBUCIÓN, ETC.
Lugar de publicación, distribución, etc. Paris :
Nombre del editor, distribuidor, etc. Julliard,
Fecha de publicación, distribución, etc. [1964]
300 ## - DESCRIPCIÓN FÍSICA
Extensión 365 p. ;
Dimensiones 22 cm.
490 1# - MENCIÓN DE SERIE
Mención de serie Les lettres nouvelles
500 ## - NOTA GENERAL
Nota general Biblioteca Juan Andrade.
650 17 - PUNTO DE ACCESO ADICIONAL DE MATERIA--TÉRMINO DE MATERIA
Término de materia o nombre geográfico como elemento de entrada Literatura y sociedad
Fuente del encabezamiento o término embne
9 (RLIN) 14679
650 14 - PUNTO DE ACCESO ADICIONAL DE MATERIA--TÉRMINO DE MATERIA
Término de materia o nombre geográfico como elemento de entrada Literatura rusa-
Subdivisión cronológica S.XX-
Subdivisión general Historia y crítica.
9 (RLIN) 14665
700 1# - ENTRADA AGREGADA--NOMBRE PERSONAL
Nombre de persona Frank, Pierre.
9 (RLIN) 52311
700 1# - ENTRADA AGREGADA--NOMBRE PERSONAL
Nombre de persona Ligny, Claude.
9 (RLIN) 72274
700 1# - ENTRADA AGREGADA--NOMBRE PERSONAL
Nombre de persona Nadeau, Maurice.
9 (RLIN) 84821
830 0# - PUNTO DE ACCESO ADICIONAL DE SERIE-TÍTULO UNIFORME
Título uniforme Les lettres nouvelles
9 (RLIN) 185108
852 ## - LOCALIZACIÓN
Ubicación ES-MaACL
Número de control de estantería AND-291
Holdings
Estatus retirado Estado de pérdida Estado de daño No para préstamo Biblioteca de origen Biblioteca actual Ubicación en estantería Fecha de adquisición Fuente de adquisición Total de préstamos Signatura topográfica completa Código de barras Visto por última vez Precio de reemplazo Tipo de ítem Koha
        Biblioteca del Ateneo de Madrid Biblioteca del Ateneo de Madrid Depósito 2 17/01/2008     AND-291 1110135 23/02/2023 23/02/2023 Libro impreso